[Event "Budapest FS03 FM"]
[Site "Budapest"]
[Date "2023.03.06"]
[Round "3"]
[White "Joswin, Jayakumar"]
[Black "Szlenka, Attila"]
[Result "1-0"]
[WhiteElo "1295"]
[BlackElo "1544"]
[PlyCount "77"]
[EventDate "2023.03.04"]
[EventType "team-tourn"]
[EventRounds "9"]
[EventCountry "HUN"]
[SourceTitle "CBM 213 Extra"]
[Source "ChessBase"]
[SourceDate "2023.05.31"]
[SourceVersion "1"]
[SourceVersionDate "2023.05.31"]
[SourceQuality "1"]
[WhiteTeam "Team Higher Elo"]
[BlackTeam "Team Lower Elo"]
[WhiteTeamCountry "HUN"]
[BlackTeamCountry "HUN"]

1. d4 Nf6 2. c4 g6 3. Nc3 Bg7 4. Bg5 h6 5. Bxf6 exf6 6. Nf3 0-0 7. g3 d6 8. Bg2 Re8 9. Qd2 Nd7 10. b4 Nb6 11. c5 Nc4 12. Qd3 d5 13. 0-0 c6 14. Nd2 Bf5 15. e4 Be6 16. b5 Nxd2 17. Qxd2 Qa5 18. bxc6 bxc6 19. Rfd1 Rad8 20. exd5 cxd5 21. Ne4 Qxd2 22. Nxd2 Bf5 23. Re1 Kf8 24. Rxe8+ Kxe8 25. Re1+ Kf8 26. Nb3 Be6 27. Na5 Rb8 28. Nc6 Rb7 29. Nd8 Rb4 30. Nxe6+ fxe6 31. Rxe6 Rxd4 32. Rd6 Rd1+ 33. Bf1 Ke8 34. Kg2 g5 35. c6 Rc1 36. Bb5 a6 37. Ba4 Bf8 38. c7+ Ke7 39. Rc6 1-0

[Event "Budapest FS03 FM"]
[Site "Budapest"]
[Date "2023.03.05"]
[Round "2"]
[White "Hradeczky, Tamas"]
[Black "Joswin, Jayakumar"]
[Result "1-0"]
[WhiteElo "1798"]
[BlackElo "1295"]
[PlyCount "57"]
[EventDate "2023.03.04"]
[EventType "team-tourn"]
[EventRounds "9"]
[EventCountry "HUN"]
[SourceTitle "CBM 213 Extra"]
[Source "ChessBase"]
[SourceDate "2023.05.31"]
[SourceVersion "1"]
[SourceVersionDate "2023.05.31"]
[SourceQuality "1"]
[WhiteTeam "Team Lower Elo"]
[BlackTeam "Team Higher Elo"]
[WhiteTeamCountry "HUN"]
[BlackTeamCountry "HUN"]

1. d4 e5 2. dxe5 Nc6 3. Nf3 Qe7 4. g3 Nxe5 5. Nxe5 Qxe5 6. Bg2 Bb4+ 7. c3 Bc5 8. Bf4 Qf5 9. 0-0 c6 10. b4 Bb6 11. Bd6 Nf6 12. e4 Qg4 13. Qd3 a5 14. Nd2 Qg6 15. Nc4 Ba7 16. bxa5 Ng4 17. h3 Bxf2+ 18. Rxf2 Nxf2 19. Kxf2 f6 20. Nb6 Rxa5 21. Nxc8 Rd5 22. Qe2 Rb5 23. Bb4 Re5 24. Nd6+ Kd8 25. Nxb7+ Kc8 26. Nd6+ Kc7 27. Nc4 Re6 28. Ba5+ Kc8 29. Nd6+ 1-0

[Event "Budapest FS03 FM"]
[Site "Budapest"]
[Date "2023.03.04"]
[Round "1"]
[White "Joswin, Jayakumar"]
[Black "Csiba, Tibor"]
[Result "1/2-1/2"]
[WhiteElo "1295"]
[BlackElo "1552"]
[PlyCount "85"]
[EventDate "2023.03.04"]
[EventType "team-tourn"]
[EventRounds "9"]
[EventCountry "HUN"]
[SourceTitle "CBM 213 Extra"]
[Source "ChessBase"]
[SourceDate "2023.05.31"]
[SourceVersion "1"]
[SourceVersionDate "2023.05.31"]
[SourceQuality "1"]
[WhiteTeam "Team Higher Elo"]
[BlackTeam "Team Lower Elo"]
[WhiteTeamCountry "HUN"]
[BlackTeamCountry "HUN"]

1. e4 c6 2. d4 d5 3. exd5 cxd5 4. Bb5+ Bd7 5. Bxd7+ Nxd7 6. Nc3 Ngf6 7. Nge2 e6 8. Bd2 a6 9. a3 Bd6 10. Bf4 Qc7 11. Bxd6 Qxd6 12. 0-0 0-0 13. Qd3 Nb6 14. b3 Rac8 15. Qg3 Qxg3 16. fxg3 Ne4 17. Nxe4 dxe4 18. c3 a5 19. c4 a4 20. c5 Nd5 21. bxa4 Ra8 22. Rfb1 Rfb8 23. Nf4 Nc3 24. Rb3 Nxa4 25. Rab1 e5 26. dxe5 Nxc5 27. Rb5 Nd7 28. Rxb7 Rxb7 29. Rxb7 Nxe5 30. Rc7 f5 31. Rc3 Rd8 32. Kf2 g5 33. Ne2 Ng4+ 34. Ke1 Nxh2 35. a4 Ng4 36. a5 Ne5 37. a6 Ra8 38. Ra3 Nd3+ 39. Kd2 Nb4 40. Ra5 Rxa6 41. Rxf5 h6 42. Re5 Rd6+ 43. Ke3 1/2-1/2